المبادىء القضائية التي إستقر عليها إجتهاد محكمة الإستئناف الشرعية في المملكة الأردنية الهاشمية من 1/7/1983إلى30/6/1983 : (رقم التسجيلة. 2207)
[ عرض عادي ]
| 000 -الفاتح | |
|---|---|
| عناصر البيانات ثابتة الطول | 00738cam a2200169 i 4500 |
| 005 - تاريخ ووقت آخر معاملة | |
| حقل ضبط | 20251215094536.0 |
| 008 - عناصر البيانات ثابتة الطول | |
| عناصر البيانات ثابتة الطول | 250721s1984 jo gr 000 0 ara d |
| 082 14 - رقم تصنيف ديوي العشري | |
| رقم التصنيف | 216,6 |
| رقم المادة | م ح م |
| 100 1# - مدخل رئيسي – اسم شخصي | |
| الاسم الشخصي | العربي، محمد حمزة |
| علاقة الشخص بالعمل/ دوره | معد. |
| 245 12 - بيان العنوان | |
| العنوان | المبادىء القضائية التي إستقر عليها إجتهاد محكمة الإستئناف الشرعية في المملكة الأردنية الهاشمية من 1/7/1983إلى30/6/1983 : |
| بقية العنوان | المجموعة الثانية / |
| بيان المسؤولية | اعداد محمد حمزه العربي. |
| 264 31 - بيانات النشر، التوزيع…إلخ | |
| مكان النشر، التوزيع...إلخ | عمان : |
| اسم الناشر، الموزع...إلخ | دار الفرقان، |
| تاريخ النشر، التوزيع...إلخ | 1984. |
| 300 ## - الوصف المادي | |
| عدد الوحدات المكونة للوعاء | 357 صفحه. |
| 650 17 - مدخل إضافي بالموضوع - مصطلح موضوعي | |
| مصطلح موضوعي أو اسم جغرافي كعنصر مدخل | الإسلام. |
| 650 17 - مدخل إضافي بالموضوع - مصطلح موضوعي | |
| مصطلح موضوعي أو اسم جغرافي كعنصر مدخل | الفقه. |
| 942 ## - بيانات إضافية (كوها) | |
| نوع التنصيف | Dewey Decimal Classification |
| نوع المادة (كوها) | كتب |
| حالة السحب | حالة الفقدان | مصدر التصنيف | حالة التلف | غير قابل للإعارة | المكتبة الرئيسية | المكتبة الحالية | موقع الرف | تاريخ التزويد | الرقم المتسلسل | Total Checkouts | رقم الإستدعاء | تاريخ آخر ظهور | تاريخ الفاتورة | نوع المادة (كوها) | الباركود | العملة |
|---|---|---|---|---|---|---|---|---|---|---|---|---|---|---|---|---|
| Dewey Decimal Classification | Unchecked | المكتبة المركزية | المكتبة المركزية | الإعارة | 06/07/2004 | 93180 | 216,6/محم | 28/07/2025 | 06/07/2004 | كتب | ||||||
| Dewey Decimal Classification | المكتبة المركزية | المكتبة المركزية | الإعارة | 06/07/2004 | 93178 | 216,6/محم | 28/07/2025 | 06/07/2004 | كتب | 93178 | ||||||
| Dewey Decimal Classification | المكتبة المركزية | المكتبة المركزية | الإعارة | 15/12/2025 | 093178 | 216,6 / م ح م | 15/12/2025 | 15/12/2025 | كتب | PLD093178 | JOD |